=LDR 00000nam 2200000 4500 =001 INLIS000000000045003 =005 20141209105834.0 =006 =007 =008 =020 ##$$a 978-602-97687-0 =035 ##$$0010-121400000000153 =040 ##$$a NBPDMAT =082 ##$$a 612 =090 ##$$a 612 $b Fri a =100 ##$$a Frida Firdiani =245 ##$$a Anggota tubuhku / $c penulis, Frida Firdiani =260 ##$$a Bandung : $b Adiprint Mitra Pustaka, $c 2011 =300 ##$$a 71 hlm. : $b ilus. ; $c 21 cm. =650 ##$$a Tubuh manusia